000 00664nam a2200181Ia 4500
008 090630s9999 xx 000 0 und d
082 _b15825
100 _aसावरकर प्रकाश.
245 _aगेले घ्यायचे राहून.
_cसावरकर प्रकाश.
260 _bगौरी - पुणे.
300 _a0
600 _aसावरकर प्रकाश.
630 _aगेले घ्यायचे राहून.
655 _aकादंबरी.
700 _aसावरकर प्रकाश.
730 _aगेले घ्यायचे राहून.
942 _cBOOK
999 _c267681
_d267681